Statistics for Real Madrid 2017/2018 Players

Click here to take the quiz!

General Stats

  • This quiz has been taken 121 times
  • The average score is 15 of 24

Answer Stats

NumberPlayer% Correct
1Navas
97%
4Ramos
97%
10Modric
94%
7Ronaldo
94%
9Benzema
93%
11Bale
89%
2Carvajal
89%
8Kroos
89%
12Marcelo
87%
5Varane
87%
14Casemiro
81%
6Nacho
75%
22Isco
74%
20Asensio
68%
13Casilla
57%
3Vallejo
39%
23Kovacic
35%
24Ceballos
31%
30Luca
29%
17Vasquez
28%
18Llorente
21%
15Theo
21%
21Mayoral
17%
19Achraf
11%

Score Distribution

Percentile by Number Answered

Percent of People with Each Score

Your Score History

You have not taken this quiz